000 00700cam a2200229 4500
001 J11590
008 000000n2002 000 0 eng u
035 _a(Sirsi) u118416
041 _aeng
050 _a333.33
110 _aHM Land Registry
_91247
245 _aResidential property price report January - March 2002; April - June 2002; July-Sept 2002; Oct-Dec 2002
260 _aLondon
_bHM Land Registry
_c2002
300 _a4 pt ; 30cm.
650 _aHOUSE PRICES
650 _aHOUSING MARKET
650 _aPRICES
650 _aRESIDENTIAL PROPERTY
_96266
690 _aPROPERTY-RESIDENTIAL PROPERTY-RESIDENTIAL PROPERTY MARKET
856 _uhttps://www.landreg.gov.uk
942 _n0
999 _c102139
_d102139